[Event "Spring Tournament 2015"]
[Site "SchemingMind.com"]
[Date "2015.02.01"]
[Round "-"]
[White "fanfan_la_Tulipe"]
[Black "Hermeneutics"]
[Result "1/2-1/2"]
[WhiteCountry "AUT"]
[BlackCountry "UKR"]
[WhiteElo "2084"]
[WhiteRD "74"]
[BlackElo "2018"]
[BlackRD "100"]
[GameID "374003"]

1. d4 Nf6 2. c4 e6 3. Nc3 Bb4 4. e3 O-O 5. Ne2 d5 6. a3 Bd6 7. Ng3 b6 8. cxd5 exd5 9. Bd3 Re8 10. O-O Bb7
11. b4 g6 12. Qc2 Nbd7 13. Bb2 a6 14. b5 Bf8 15. a4 a5 16. Rac1 Rc8 17. Qb3 Bg7 18. Bb1 Nf8 19. Rfe1 Ne6 20. Qd1 Qd7
21. Bd3 Qd6 22. h3 Kh8 23. Qb3 Qd7 24. Ba3 Ng5 25. h4 Ne6 26. h5 Ng5 27. hxg6 fxg6 28. f3 Bh6 29. Kf2 Qf7 30. Kg1 Qd7
31. Kf2 Qf7 32. Kg1 Qd7 33. Kf2
1/2-1/2

[Event "Spring Tournament 2015"]
[Site "SchemingMind.com"]
[Date "2015.02.01"]
[Round "-"]
[White "Hermeneutics"]
[Black "fanfan_la_Tulipe"]
[Result "1/2-1/2"]
[WhiteCountry "UKR"]
[BlackCountry "AUT"]
[WhiteElo "2013"]
[WhiteRD "98"]
[BlackElo "2078"]
[BlackRD "74"]
[GameID "374004"]

1. d4 Nf6 2. Nf3 g6 3. c4 Bg7 4. Nc3 d5 5. Qb3 dxc4 6. Qxc4 O-O 7. e4 a6 8. e5 b5 9. Qb3 Nfd7 10. Be3 c5
11. e6 cxd4 12. Nxd4 Nc5 13. exf7+ Rxf7 14. Qd1 Bb7 15. Nf3 Nbd7 16. Be2 Qc7 17. O-O b4 18. Nd5 Qd6 19. Bc4 Kh8 20. Nxb4 Qxd1
21. Rfxd1 Rff8 22. Nd4 Ne5 23. Bd5 Bxd5 24. Nxd5 Nc4 25. Rab1=
1/2-1/2

[Event "Spring Tournament 2015"]
[Site "SchemingMind.com"]
[Date "2015.02.03"]
[Round "-"]
[White "Scooter"]
[Black "fanfan_la_Tulipe"]
[Result "0-1"]
[WhiteCountry "USA"]
[BlackCountry "AUT"]
[WhiteElo "1731"]
[WhiteRD "44"]
[BlackElo "2104"]
[BlackRD "74"]
[GameID "374114"]

1. d4 Nf6 2. Nf3 g6 3. Bf4 Bg7 4. e3 c5 5. c3 b6 6. Be2 Bb7 7. O-O O-O 8. Nbd2 d5 9. h3 Nc6 10. Ne5 Nd7
11. Nxd7 Qxd7 12. Bg4 f5 13. Be2 e5 14. dxe5 Nxe5 15. Nf3 Nf7 16. Qb3 Kh8 17. Rfd1 Qe7 18. Re1 Nd6 19. Rad1 Ne4 20. Bd3 c4
0-1

[Event "Spring Tournament 2015"]
[Site "SchemingMind.com"]
[Date "2015.02.03"]
[Round "-"]
[White "fanfan_la_Tulipe"]
[Black "Scooter"]
[Result "1-0"]
[WhiteCountry "AUT"]
[BlackCountry "USA"]
[WhiteElo "2104"]
[WhiteRD "74"]
[BlackElo "1731"]
[BlackRD "44"]
[GameID "374115"]

1. d4 Nf6 2. c4 g6 3. Nc3 Bg7 4. e4 d6 5. Be2 O-O 6. Bg5 c5 7. d5 Nbd7 8. Qd2 Re8 9. Nf3 e5 10. dxe6 Rxe6
11. Bd3 Qe8 12. O-O Ne5 13. Nxe5 Rxe5 14. Bf4 Re6 15. Rfe1 Nh5 16. Bh6 b6 17. Bxg7 Kxg7 18. Nd5 Qd7 19. Qc3+ Kg8 20. Be2 Ng7
21. Nf6+
1-0

[Event "Spring Tournament 2015"]
[Site "SchemingMind.com"]
[Date "2015.02.03"]
[Round "-"]
[White "Scooter"]
[Black "Hermeneutics"]
[Result "0-1"]
[WhiteCountry "USA"]
[BlackCountry "UKR"]
[WhiteElo "1731"]
[WhiteRD "44"]
[BlackElo "1959"]
[BlackRD "157"]
[GameID "374116"]

1. d4 Nf6 2. Nf3 d5 3. Bf4 c5 4. c3 Nc6 5. e3 Qb6 6. Qb3 c4 7. Qxb6 axb6 8. Be2 e6 9. O-O b5 10. Nbd2 b4
11. cxb4 Bxb4 12. a3 Be7 13. Ne5 Nxe5 14. Bxe5 b5 15. h3 O-O 16. Rfc1 Bd7 17. Ra2 b4 18. Raa1 bxa3 19. bxa3 Rxa3 20. Rxa3 Bxa3
21. Ra1 Be7 22. Ra7 Rd8 23. Bc7 Rc8 24. Nb1 Be8 25. Bf4 Bf8 26. Rb7 Ne4 27. f3 Nd6 28. Bxd6 Bxd6 29. Nc3 Rb8 30. Rxb8 Bxb8
31. Bd1 Kf8 32. e4 Ba7 33. Ne2 dxe4
0-1

[Event "Spring Tournament 2015"]
[Site "SchemingMind.com"]
[Date "2015.02.03"]
[Round "-"]
[White "Hermeneutics"]
[Black "Scooter"]
[Result "1-0"]
[WhiteCountry "UKR"]
[BlackCountry "USA"]
[WhiteElo "2013"]
[WhiteRD "98"]
[BlackElo "1716"]
[BlackRD "45"]
[GameID "374117"]

1. d4 Nf6 2. Nf3 g6 3. c4 Bg7 4. Nc3 O-O 5. e4 d6 6. Be2 e5 7. O-O Bg4 8. d5 Nbd7 9. Be3 Nc5 10. Nd2 Bxe2
11. Qxe2 Qc8 12. b4 Ncd7 13. c5 dxc5 14. bxc5 Re8 15. f3 Bf8 16. Nb3 a6 17. Rac1 Qd8 18. Na5 Bxc5 19. Nxb7 Bxe3+ 20. Qxe3 Qb8
21. Na5 Qb6 22. Qxb6 cxb6 23. Nb3 Rec8 24. Na4 b5 25. Nac5 Nxc5 26. Nxc5 a5 27. Nd3 Nd7 28. Rc6 f6 29. Rfc1 Rxc6 30. Rxc6 Ra7
31. Kf2 Kf7 32. Ke3 b4 33. g3 Nb8 34. Rc8 Nd7 35. f4 Nb6 36. Rc6 Na4 37. fxe5 fxe5 38. Nxe5+ Ke7 39. Re6+ Kf8 40. Kd4 Nc3
41. Rf6+ Kg7 42. Rf2 Nb5+ 43. Kd3 Nd6 44. Nc6 Ra8 45. e5 Nf5 46. g4 Nh6 47. h3 Nf7 48. Kd4 Ng5 49. h4 Nf7 50. Kc5 Rc8
51. e6 Ne5 52. Kd6 Nc4+ 53. Ke7 Rc7+ 54. Kd8
1-0

[Event "Spring Tournament 2015"]
[Site "SchemingMind.com"]
[Date "2015.02.06"]
[Round "-"]
[White "Scooter"]
[Black "Stephen Woodhouse"]
[Result "0-1"]
[WhiteCountry "USA"]
[BlackCountry "ENG"]
[WhiteElo "1731"]
[WhiteRD "44"]
[BlackElo "1883"]
[BlackRD "48"]
[GameID "374281"]

1. d4 e6 2. Nf3 f5 3. Bg5 Nf6 4. e3 Be7 5. Be2 O-O 6. O-O b6 7. Nbd2 Bb7 8. c4 Ne4 9. Bxe7 Qxe7 10. Nxe4 Bxe4
11. Bd3 Bb7 12. Re1 d6 13. b4 Nd7 14. Rc1 e5 15. dxe5 Nxe5 16. Nxe5 dxe5 17. Qc2 Qg5 18. g3 Qh5 19. Be2 Qh3 20. f3 f4
21. Bf1 Qh6 22. g4 Bxf3 23. h3 fxe3 24. Bg2 e4
0-1

[Event "Spring Tournament 2015"]
[Site "SchemingMind.com"]
[Date "2015.02.06"]
[Round "-"]
[White "Stephen Woodhouse"]
[Black "Scooter"]
[Result "1-0"]
[WhiteCountry "ENG"]
[BlackCountry "USA"]
[WhiteElo "1883"]
[WhiteRD "48"]
[BlackElo "1731"]
[BlackRD "44"]
[GameID "374282"]

1. e4 c6 2. d4 d5 3. exd5 cxd5 4. c4 Nf6 5. Nc3 e6 6. Nf3 Be7 7. cxd5 Nxd5 8. Bd3 a6 9. O-O Nc6 10. Re1 Qb6
11. a3 Nxd4 12. Nxd4 Qxd4 13. Bb5+
1-0

[Event "Spring Tournament 2015"]
[Site "SchemingMind.com"]
[Date "2015.02.06"]
[Round "-"]
[White "fanfan_la_Tulipe"]
[Black "Stephen Woodhouse"]
[Result "1/2-1/2"]
[WhiteCountry "AUT"]
[BlackCountry "ENG"]
[WhiteElo "2088"]
[WhiteRD "75"]
[BlackElo "1859"]
[BlackRD "49"]
[GameID "374283"]

1. d4 e6 2. c4 d5 3. Nc3 c5 4. cxd5 exd5 5. Nf3 Nc6 6. g3 Nf6 7. Bg2 Be7 8. O-O O-O 9. Bg5 cxd4 10. Nxd4 Nxd4
11. Qxd4 Be6 12. Rfd1 b6 13. Rac1 Rc8 14. a3 h6 15. Bd2 Qd7 16. Be3 Bc5 17. Qd2 Bxe3 18. Qxe3 Rfd8 19. Rd4 Rc4 20. Rcd1 Rxd4
21. Rxd4 Rc8 22. Qd2 Rc4 23. Qf4 Rxd4 24. Qxd4 Qc6 25. Qe5 Nd7 26. Qd4=
1/2-1/2

[Event "Spring Tournament 2015"]
[Site "SchemingMind.com"]
[Date "2015.02.06"]
[Round "-"]
[White "Stephen Woodhouse"]
[Black "fanfan_la_Tulipe"]
[Result "0-1"]
[WhiteCountry "ENG"]
[BlackCountry "AUT"]
[WhiteElo "1883"]
[WhiteRD "48"]
[BlackElo "2104"]
[BlackRD "74"]
[GameID "374284"]

1. e4 e5 2. Nf3 Nc6 3. d4 exd4 4. Nxd4 Bc5 5. Be3 Qf6 6. c3 Nge7 7. Bc4 Ne5 8. Be2 Qg6 9. O-O d6 10. Kh1 Ng4
11. Bc1 Bd7 12. b4 Bb6 13. f3 Nh6 14. Nd2 O-O 15. Nc4 f5 16. e5 Nf7 17. exd6 Nxd6 18. Qb3 Nxc4 19. Bxc4+ Kh8 20. Ne6 Bxe6
21. Bxe6 f4 22. Bd5 Nxd5 23. Qxd5 Rf5 24. Qc4 Qh6 25. Bd2 Qxh2+ 26. Kxh2 Rh5#
0-1

[Event "Spring Tournament 2015"]
[Site "SchemingMind.com"]
[Date "2015.02.06"]
[Round "-"]
[White "Stephen Woodhouse"]
[Black "Hermeneutics"]
[Result "0-1"]
[WhiteCountry "ENG"]
[BlackCountry "UKR"]
[WhiteElo "1873"]
[WhiteRD "50"]
[BlackElo "2036"]
[BlackRD "115"]
[GameID "374285"]

1. e4 c5 2. c3 Nf6 3. e5 Nd5 4. d4 cxd4 5. Nf3 Nc6 6. cxd4 d6 7. Bc4 Nb6 8. Bb5 dxe5 9. Nxe5 Bd7 10. Nc3 e6
11. O-O Nxe5 12. dxe5 Bxb5 13. Nxb5 a6 14. Be3 Nd5 15. Nc3 Nxe3 16. fxe3 Bc5 17. Kf2 Qh4+ 18. Kg1 Bxe3+ 19. Kh1 O-O 20. Qf3 Bd4
21. g3 Qe7 22. Qe4 Bxc3 23. bxc3 Rac8 24. Rab1 Rc7 25. Rb6 Rfc8 26. Rfb1 Qc5 27. Rxb7 Qxc3 28. Rxc7 Qxc7 29. h4 h6 30. a4 Qc3
31. Kg2 Rd8 32. Rb6 a5 33. Rd6 Rb8 34. Ra6 Qb4 35. Qc6 Qb2+ 36. Kh3 Qxe5 37. Ra8 Rxa8 38. Qxa8+ Kh7 39. Qb7 Qd5 40. Qb5 Qh1+
41. Kg4 f5+ 42. Kf4 Qe4#
0-1

[Event "Spring Tournament 2015"]
[Site "SchemingMind.com"]
[Date "2015.02.06"]
[Round "-"]
[White "Hermeneutics"]
[Black "Stephen Woodhouse"]
[Result "1/2-1/2"]
[WhiteCountry "UKR"]
[BlackCountry "ENG"]
[WhiteElo "2013"]
[WhiteRD "98"]
[BlackElo "1879"]
[BlackRD "50"]
[GameID "374286"]

1. d4 e6 2. c4 d5 3. Nc3 c5 4. cxd5 exd5 5. Nf3 Nc6 6. g3 Nf6 7. Bg2 Be7 8. O-O O-O 9. dxc5 Bxc5 10. Na4 Be7
11. Be3 Re8 12. Rc1 Be6 13. a3 Rc8 14. b4 b6 15. Nc3 Ne4 16. Nb5 a6 17. Nbd4 Nxd4 18. Nxd4 b5 19. Qb3 Qd7 20. Rfd1 Rxc1
21. Rxc1 Rc8 22. Qb2 Rc4 23. Nb3 Bf6 24. Bd4 Qc7 25. Bxf6 Nxf6 26. Nc5 Rxc1+ 27. Qxc1 Nd7 28. Qe3 Nxc5 29. bxc5 Kf8 30. Qd4 Qc6
31. e3 f6 32. f4 h6 33. Kf2 Ke7 34. Ke2 a5 35. Kd2 Bf7 36. Kc3 Be6 37. h4=
1/2-1/2

[Event "Spring Tournament 2015"]
[Site "SchemingMind.com"]
[Date "2015.02.08"]
[Round "-"]
[White "Stephen Woodhouse"]
[Black "Laurent"]
[Result "1-0"]
[WhiteCountry "ENG"]
[BlackCountry "FRA"]
[WhiteElo "1859"]
[WhiteRD "49"]
[BlackElo "1345"]
[BlackRD "182"]
[GameID "374364"]

1. e4 c5 2. c3 Nc6 3. d4 cxd4 4. cxd4 Nf6 5. Nc3 e6 6. Nf3 d6 7. Bd3 Be7 8. O-O O-O 9. a3 a6 10. Qe2 Rb8
11. e5 dxe5 12. dxe5 Nd5 13. Qe4
1-0

[Event "Spring Tournament 2015"]
[Site "SchemingMind.com"]
[Date "2015.02.08"]
[Round "-"]
[White "Laurent"]
[Black "Stephen Woodhouse"]
[Result "0-1"]
[WhiteCountry "FRA"]
[BlackCountry "ENG"]
[WhiteElo "1345"]
[WhiteRD "182"]
[BlackElo "1859"]
[BlackRD "49"]
[GameID "374365"]

1. e4 e6 2. d4 d5 3. e5 c5 4. Nf3 Nc6 5. c3 Bd7 6. Bd3 cxd4 7. cxd4 Qb6 8. Be2 Nge7 9. b3 Nf5 10. Bb2 Bb4+
11. Kf1 O-O 12. a3 Be7 13. b4 a6 14. Nbd2 Nfxd4
0-1

[Event "Spring Tournament 2015"]
[Site "SchemingMind.com"]
[Date "2015.02.10"]
[Round "-"]
[White "Scooter"]
[Black "David Perna-Fraser"]
[Result "0-1"]
[WhiteCountry "USA"]
[BlackCountry "CAN"]
[WhiteElo "1731"]
[WhiteRD "44"]
[BlackElo "2265"]
[BlackRD "58"]
[GameID "374534"]

1. d4 Nf6 2. Nf3 g6 3. Bf4 Bg7 4. e3 O-O 5. Be2 d6 6. O-O c5 7. c3 b6 8. Nbd2 Nc6 9. h3 Bf5 10. Nh4 Bd7
11. Bg5 h6 12. Bxf6 Bxf6 13. Nhf3 d5 14. Re1 Qc7 15. Nb3 Qd6 16. Qc2 Bf5 17. Qd2 c4 18. Nc1 b5 19. Bd1 b4 20. cxb4 Nxb4
21. a3 Nd3 22. Nxd3 Bxd3 23. Bc2 Bxc2 24. Qxc2 Rab8 25. Rab1 Rfc8 26. Rec1 a5 27. Qd2 a4 28. Qd1 Rb3 29. Nd2 Rd3 30. Qc2 Rb8
31. Nxc4 dxc4 32. Qxc4 Rdb3 33. Qxa4 Rxb2 34. Rxb2 Rxb2 35. g3 Kg7 36. Qe8 Rb8 37. Qc6 Qxa3
0-1

[Event "Spring Tournament 2015"]
[Site "SchemingMind.com"]
[Date "2015.02.10"]
[Round "-"]
[White "David Perna-Fraser"]
[Black "Scooter"]
[Result "1-0"]
[WhiteCountry "CAN"]
[BlackCountry "USA"]
[WhiteElo "2265"]
[WhiteRD "58"]
[BlackElo "1731"]
[BlackRD "44"]
[GameID "374535"]

1. d4 Nf6 2. c4 g6 3. Nc3 Bg7 4. e4 d6 5. Nf3 Bg4 6. Be2 O-O 7. Be3 Nbd7 8. h3 Bxf3 9. Bxf3 e5 10. d5 a6
11. O-O Rb8 12. b4 b5 13. cxb5 axb5 14. Be2
1-0

[Event "Spring Tournament 2015"]
[Site "SchemingMind.com"]
[Date "2015.02.10"]
[Round "-"]
[White "fanfan_la_Tulipe"]
[Black "David Perna-Fraser"]
[Result "0-1"]
[WhiteCountry "AUT"]
[BlackCountry "CAN"]
[WhiteElo "2078"]
[WhiteRD "74"]
[BlackElo "2273"]
[BlackRD "57"]
[GameID "374536"]

1. d4 f5 2. c4 Nf6 3. g3 e6 4. Bg2 Be7 5. Nh3 O-O 6. O-O d6 7. Nc3 e5 8. b3 c6 9. Bb2 h6 10. d5 Qb6
11. dxc6 Nxc6 12. Nd5 Nxd5 13. Qxd5+ Kh7 14. Kh1 a5 15. e4 f4 16. gxf4 exf4 17. Ng1 a4 18. Qb5 Qxb5 19. cxb5 Ne5 20. f3 Bd7
21. b6 Rfc8 22. Rfd1 Rc2 23. Bxe5 dxe5 24. Rxd7 axb3 25. a4 b2 26. Rb1 Rxa4 27. Rdd1 Bc5 28. Bf1 Rd4 29. Bd3 Rc3 30. Ne2 Rcxd3
31. Nxd4 Rxd1+ 32. Rxd1 Bxd4 33. Rb1 Kg6 34. Kg2 Kg5 35. h3 Kh4 36. Kh2 g5 37. Kg2 h5 38. Kh2 g4 39. hxg4 hxg4 40. Kg2 g3
41. Rh1+ Kg5 42. Rb1 Kf6 43. Rh1 Be3
0-1

[Event "Spring Tournament 2015"]
[Site "SchemingMind.com"]
[Date "2015.02.10"]
[Round "-"]
[White "David Perna-Fraser"]
[Black "fanfan_la_Tulipe"]
[Result "1/2-1/2"]
[WhiteCountry "CAN"]
[BlackCountry "AUT"]
[WhiteElo "2257"]
[WhiteRD "56"]
[BlackElo "2097"]
[BlackRD "80"]
[GameID "374537"]

1. e4 e5 2. Nf3 Nc6 3. Bc4 Nf6 4. Ng5 d5 5. exd5 Na5 6. Bb5+ c6 7. dxc6 bxc6 8. Be2 h6 9. Nf3 e4 10. Ne5 Bd6
11. d4 exd3 12. Nxd3 Qc7 13. b3 c5 14. Bb2 c4 15. bxc4 Nxc4 16. Bxf6 gxf6 17. O-O Bb7 18. Bf3 Bxh2+ 19. Kh1 Be5 20. Nxe5 fxe5
21. Bxb7 Qxb7 22. Qg4 Qc8 23. Qf3 O-O 24. Nc3 Qe6 25. Rfe1 f5 26. Rad1 Kh8 27. Qd5 Qxd5 28. Nxd5 Rf7 29. Rd3=
1/2-1/2

[Event "Spring Tournament 2015"]
[Site "SchemingMind.com"]
[Date "2015.02.10"]
[Round "-"]
[White "Stephen Woodhouse"]
[Black "David Perna-Fraser"]
[Result "0-1"]
[WhiteCountry "ENG"]
[BlackCountry "CAN"]
[WhiteElo "1883"]
[WhiteRD "48"]
[BlackElo "2265"]
[BlackRD "58"]
[GameID "374538"]

1. e4 e5 2. Nf3 Nc6 3. d4 exd4 4. Nxd4 Bc5 5. Be3 Qf6 6. c3 b6 7. Be2 Nge7 8. O-O O-O 9. Nxc6 Qxc6 10. Bxc5 Qxc5
11. Qd4 Re8 12. Qxc5 bxc5 13. Nd2 Rb8 14. b3 d5 15. Bf3 c6 16. exd5 cxd5 17. Rfe1 Be6 18. Rad1 Kf8 19. Nf1 Red8 20. Rd2 c4
21. b4 Nf5 22. Red1 d4 23. cxd4 c3 24. Rc2 Nxd4 25. Rcc1 c2 26. Rd2 Bxa2
0-1

[Event "Spring Tournament 2015"]
[Site "SchemingMind.com"]
[Date "2015.02.10"]
[Round "-"]
[White "David Perna-Fraser"]
[Black "Stephen Woodhouse"]
[Result "1-0"]
[WhiteCountry "CAN"]
[BlackCountry "ENG"]
[WhiteElo "2265"]
[WhiteRD "58"]
[BlackElo "1883"]
[BlackRD "48"]
[GameID "374539"]

1. e4 e6 2. d4 d5 3. exd5 exd5 4. Nf3 Bd6 5. Bd3 Ne7 6. Nc3 c6 7. Ne2 Bf5 8. Bf4 O-O 9. O-O Qc7 10. Re1 Bxd3
11. Qxd3 Ng6 12. Bxd6 Qxd6 13. h4 Nd7 14. h5 Nf4 15. Nxf4 Qxf4 16. Re7 Qd6 17. Rae1 f6 18. R1e6 Qc7 19. Qa3 a6 20. h6 gxh6
21. Ne5
1-0

[Event "Spring Tournament 2015"]
[Site "SchemingMind.com"]
[Date "2015.02.10"]
[Round "-"]
[White "David Perna-Fraser"]
[Black "Hermeneutics"]
[Result "1-0"]
[WhiteCountry "CAN"]
[BlackCountry "UKR"]
[WhiteElo "2257"]
[WhiteRD "56"]
[BlackElo "2036"]
[BlackRD "115"]
[GameID "374540"]

1. e4 c5 2. Nf3 d6 3. d4 cxd4 4. Nxd4 Nf6 5. Nc3 e6 6. f3 a6 7. Be3 b5 8. a3 Bb7 9. g4 h6 10. Qd2 Nbd7
11. O-O-O Rc8 12. Rg1 d5 13. h4 e5 14. g5 exd4 15. Bxd4 hxg5 16. hxg5 Nh5 17. Bh3 Be7 18. exd5 Qc7 19. Rge1 Kf8 20. Rxe7 Kxe7
21. d6+
1-0

[Event "Spring Tournament 2015"]
[Site "SchemingMind.com"]
[Date "2015.02.10"]
[Round "-"]
[White "Hermeneutics"]
[Black "David Perna-Fraser"]
[Result "0-1"]
[WhiteCountry "UKR"]
[BlackCountry "CAN"]
[WhiteElo "2013"]
[WhiteRD "98"]
[BlackElo "2273"]
[BlackRD "57"]
[GameID "374541"]

1. d4 f5 2. g3 Nf6 3. Bg2 e6 4. Nh3 c5 5. d5 exd5 6. Bxd5 Nxd5 7. Qxd5 Nc6 8. O-O d6 9. c3 Qe7 10. Bg5 Qf7
11. Qxf7+ Kxf7 12. Na3 h6 13. Bd2 g5 14. f4 g4 15. Nf2 Be6 16. e4 fxe4 17. Nxe4 d5 18. Nf2 Bf5 19. Rac1 Re8 20. Nc2 d4
21. Na3 Re2 22. Rfd1 Bg7 23. Nc4 Rd8 24. Kf1 d3 25. Ne3 Bh7 26. Nfxg4 h5 27. Nf2 Ne7 28. h3 Bf6 29. a3 Rg8
0-1

[Event "Spring Tournament 2015"]
[Site "SchemingMind.com"]
[Date "2015.02.11"]
[Round "-"]
[White "Mitch The Man"]
[Black "Scooter"]
[Result "0-1"]
[WhiteCountry "USA"]
[BlackCountry "USA"]
[WhiteElo "1440"]
[WhiteRD "65"]
[BlackElo "1708"]
[BlackRD "44"]
[GameID "374596"]

1. e4 c6 2. Nf3 d5 3. d3 dxe4 4. dxe4 Bg4 5. Qxd8+ Kxd8 6. Ne5 Bh5 7. Bc4 e6 8. O-O Nf6 9. Rd1+ Bxd1 10. Nxf7+ Ke7
11. Nxh8 Bxc2 12. Nd2 Nxe4 13. Nxe4 Bxe4 14. Bg5+ Kd7 15. Nf7 Bd6 16. Nxd6 Kxd6 17. Bf4+ Ke7 18. f3 Bd5 19. Bd3 h6 20. b3 Nd7
21. Bc1 Ne5 22. Ba3+ Kf7 23. Bc2 g5 24. Bd6 Kf6 25. Re1 Nd7 26. a4 Re8 27. Ba3 c5 28. g4 b6 29. Bb2+ e5 30. Rd1 Bc6
31. Rd6+ Re6 32. Rxe6+ Kxe6 33. Bf5+ Kf6 34. Bxd7 Bxd7 35. Kf2 Ke6 36. Bc3 a6 37. Ke3 b5 38. axb5 axb5 39. Ba5 c4 40. bxc4 bxc4
41. Bb4 Kd5 42. Bc3 Be8 43. h3 Bg6 44. Bb4 e4 45. fxe4+ Bxe4 46. Bc3 Bg2
0-1

[Event "Spring Tournament 2015"]
[Site "SchemingMind.com"]
[Date "2015.02.12"]
[Round "-"]
[White "Scooter"]
[Black "Mitch The Man"]
[Result "1-0"]
[WhiteCountry "USA"]
[BlackCountry "USA"]
[WhiteElo "1731"]
[WhiteRD "44"]
[BlackElo "1464"]
[BlackRD "69"]
[GameID "374597"]

1. d4 d5 2. Nf3 f6 3. Bf4 a6 4. e3 e6 5. Be2 Ne7 6. O-O Ng6 7. Nbd2 Nxf4 8. exf4 Be7 9. c4 O-O 10. Re1 Bb4
11. cxd5 Qxd5 12. Bc4 Qc6 13. Rc1 Qe8 14. Qb3 Bxd2 15. Nxd2 b5 16. Bxe6+ Kh8 17. Bd5 Qd7 18. Bxa8 c6 19. Nc4 bxc4 20. Qxb8
1-0

[Event "Spring Tournament 2015"]
[Site "SchemingMind.com"]
[Date "2015.02.11"]
[Round "-"]
[White "Mitch The Man"]
[Black "fanfan_la_Tulipe"]
[Result "0-1"]
[WhiteCountry "USA"]
[BlackCountry "AUT"]
[WhiteElo "1440"]
[WhiteRD "65"]
[BlackElo "2088"]
[BlackRD "75"]
[GameID "374598"]

1. e4 e5 2. Nf3 Nc6 3. c3 d5 4. Qc2 Nf6 5. Bd3 Be7 6. O-O Bg4 7. Ng5 h6 8. Nxf7 Kxf7 9. exd5 Nxd5 10. Bg6+ Kf8
11. Be4 Nf4 12. f3 Be6 13. Rf2 g5 14. Bxc6 bxc6 15. d3 Bc5 16. d4 exd4 17. Kh1 d3 18. Qd2 Bxf2 19. Qxf2 Qd6 20. Bd2 Kf7
21. Bxf4 Qxf4 22. Nd2 Rhe8 23. g3 Qf5 24. c4 Bd7 25. g4 Qf4
0-1

[Event "Spring Tournament 2015"]
[Site "SchemingMind.com"]
[Date "2015.02.12"]
[Round "-"]
[White "fanfan_la_Tulipe"]
[Black "Mitch The Man"]
[Result "1-0"]
[WhiteCountry "AUT"]
[BlackCountry "USA"]
[WhiteElo "2104"]
[WhiteRD "74"]
[BlackElo "1464"]
[BlackRD "69"]
[GameID "374599"]

1. d4 d5 2. c4 e6 3. Nc3 Bb4 4. a3 Bxc3+ 5. bxc3 Ne7 6. e4 O-O 7. cxd5 exd5 8. Bd3 a6 9. Ne2 b5 10. O-O c6
11. Ng3 Nd7 12. e5 Nb6 13. f4 Nc4 14. f5 Bd7 15. f6 Nc8 16. Qh5 g6 17. Qh6
1-0

[Event "Spring Tournament 2015"]
[Site "SchemingMind.com"]
[Date "2015.02.11"]
[Round "-"]
[White "Mitch The Man"]
[Black "Stephen Woodhouse"]
[Result "0-1"]
[WhiteCountry "USA"]
[BlackCountry "ENG"]
[WhiteElo "1464"]
[WhiteRD "69"]
[BlackElo "1883"]
[BlackRD "48"]
[GameID "374600"]

1. e4 e6 2. e5 d6 3. Nf3 dxe5 4. Nxe5 Nd7 5. Nxd7 Bxd7 6. Be2 Nf6 7. O-O Bd6 8. Bf3 c6 9. c3 O-O 10. b4 Qc7
11. Na3 Bxh2+ 12. Kh1 Bf4 13. d3 Bxc1 14. Rxc1 Rad8 15. Kg1 e5 16. Re1 Bf5 17. Re3 e4 18. Be2 exd3 19. Bxd3 Bxd3 20. Rxd3 Rxd3
21. Qxd3 Rd8 22. Qh3 Qf4 23. Rf1 h6 24. Nc2 Rd2 25. Ne3 Ne4 26. Qf3 Qxf3 27. gxf3 Nxc3
0-1

[Event "Spring Tournament 2015"]
[Site "SchemingMind.com"]
[Date "2015.02.12"]
[Round "-"]
[White "Stephen Woodhouse"]
[Black "Mitch The Man"]
[Result "1-0"]
[WhiteCountry "ENG"]
[BlackCountry "USA"]
[WhiteElo "1883"]
[WhiteRD "48"]
[BlackElo "1464"]
[BlackRD "69"]
[GameID "374601"]

1. e4 e5 2. Nf3 d6 3. d4 Qe7 4. Nc3 c6 5. Bc4 Be6 6. d5 cxd5 7. Nxd5 Bxd5 8. Qxd5 Nc6 9. Bg5 f6 10. Be3 Nh6
11. Bxh6 gxh6 12. O-O-O O-O-O 13. Nh4 Qd7 14. Nf5 a6 15. a3 h5 16. Rd3 h6 17. Rhd1 Kb8 18. Nxd6 Bxd6 19. Qxd6+ Qxd6 20. Rxd6 Rxd6
21. Rxd6 Rf8 22. Rd7 Ka7 23. Bd5 Kb6 24. c3 h4 25. Rh7 Rd8 26. Rxh6 Rd6 27. Rxh4 Ne7 28. Bb3 Ng6 29. Rh7 Nf4 30. Rg7 Ne2+
31. Kc2 Nf4 32. h4 Nh5 33. Rh7 Nf4 34. g3 Nd3 35. Bd5 Nc5 36. h5 Nd7 37. Rf7
1-0

[Event "Spring Tournament 2015"]
[Site "SchemingMind.com"]
[Date "2015.02.11"]
[Round "-"]
[White "Mitch The Man"]
[Black "David Perna-Fraser"]
[Result "0-1"]
[WhiteCountry "USA"]
[BlackCountry "CAN"]
[WhiteElo "1464"]
[WhiteRD "69"]
[BlackElo "2265"]
[BlackRD "58"]
[GameID "374602"]

1. e4 e5 2. Nf3 Nf6 3. Bd3 d5 4. Qe2 Bd6 5. O-O O-O 6. h3 c6 7. a3 Nh5 8. exd5 Nf4 9. Qe1 cxd5 10. Bb5 e4
11. Nh2 Nxg2 12. Qd1 Qh4 13. Kxg2 Qxh3+ 14. Kh1 Qxh2#
0-1

[Event "Spring Tournament 2015"]
[Site "SchemingMind.com"]
[Date "2015.02.12"]
[Round "-"]
[White "David Perna-Fraser"]
[Black "Mitch The Man"]
[Result "1-0"]
[WhiteCountry "CAN"]
[BlackCountry "USA"]
[WhiteElo "2265"]
[WhiteRD "58"]
[BlackElo "1464"]
[BlackRD "69"]
[GameID "374603"]

1. e4 e5 2. Nf3 d6 3. d4 Qe7 4. Nc3 c6 5. Bc4 h6 6. O-O Nf6 7. Be3 Ng4 8. dxe5 Nxe3 9. fxe3 dxe5 10. Bxf7+ Kxf7
11. Nxe5+ Kg8 12. Ng6 Qc5 13. Rxf8+ Kh7 14. Rxh8+ Kxg6 15. Rxc8 Qxe3+ 16. Kh1 Qc5 17. Qg4+
1-0

[Event "Spring Tournament 2015"]
[Site "SchemingMind.com"]
[Date "2015.02.11"]
[Round "-"]
[White "Mitch The Man"]
[Black "Hermeneutics"]
[Result "0-1"]
[WhiteCountry "USA"]
[BlackCountry "UKR"]
[WhiteElo "1435"]
[WhiteRD "69"]
[BlackElo "2013"]
[BlackRD "98"]
[GameID "374604"]

1. e4 c5 2. c4 Nc6 3. Nf3 d6 4. h3 Nf6 5. Be2 e6 6. d3 Be7 7. O-O O-O 8. a3 Bd7 9. Bd2 Rb8 10. Qe1 h6
11. b3 a6 12. b4 b5 13. cxb5 axb5 14. bxc5 dxc5 15. e5 Nd5 16. Nc3 Nxc3 17. Bxc3 b4 18. axb4 cxb4 19. Bb2 Qb6 20. Bc1 Ra8
21. Rxa8 Rxa8 22. Be3 Bc5 23. Bxc5 Qxc5 24. Qb1 Nd4 25. Nxd4 Qxd4 26. Bf3 Ra3 27. Be2 b3 28. Qc1 b2 29. Qc2 Qc3
0-1

[Event "Spring Tournament 2015"]
[Site "SchemingMind.com"]
[Date "2015.02.12"]
[Round "-"]
[White "Hermeneutics"]
[Black "Mitch The Man"]
[Result "1-0"]
[WhiteCountry "UKR"]
[BlackCountry "USA"]
[WhiteElo "2036"]
[WhiteRD "115"]
[BlackElo "1422"]
[BlackRD "67"]
[GameID "374605"]

1. d4 d5 2. Nf3 f6 3. c4 e6 4. cxd5 exd5 5. Nc3 Bd6 6. Nxd5 Ne7 7. Nc3 O-O 8. e4 c6 9. Bc4+ Kh8 10. O-O b5
11. Bb3 Ba6 12. Re1 b4 13. Na4 Nd7 14. e5 fxe5 15. dxe5 Nxe5 16. Nxe5 Bxe5 17. Rxe5 Qc7 18. Qe1 Rae8 19. Bg5 h6 20. Bxe7 Rf4
21. Rd1
1-0